000 00678nam a2200217 a 4500
001 000016087
005 20240404094740.0
008 100225s2001 dr ac 000 0 spa d
020 _a999342224X
040 _aDO-SdBNP
_bspa
_cBNPHU
082 _a923.27293
_bM524cr, 2001
100 1 _aCruz Sánchez, Filiberto
_913112
245 1 0 _aMella :
_bbiografía de un prócer /
_cFiliberto Cruz Sánchez.
250 _a3a ed.
260 _aSanto Domingo :
_bEl Nuevo Diario,
_c2001.
300 _a182 p. :
_bil., retr.
504 _aBibliografía : p. 179-182
600 1 0 _aMella, Matías Ramón,
_d1816-1864
_91264
910 _aValidado. Control de calidad BNPHU
049 _aBNPD
999 _c15628
_d15628